Erinnerung und Demokratie : Holocaust-Mahnmale und ihre Erinnerungspolitik: das Beispiel Ravensbrück / Maria Marchetta
Record details
- ISBN: 3-932482-41-7
- Physical Description: 360 p. : ill. ; 24 cm
- Publisher: Berlin : Metropol, c2001
Content descriptions
| General Note: | Originally presented as the author's thesis (doctoral)--Freie Universität, Berlin, 2000. |
| Bibliography, etc. Note: | Includes bibliographical references (p. 334-360). |
Search for related items by series
Available copies
- 1 of 1 copy available at Common Catalog SPOK.
Holds
- 0 current holds with 1 total copy.
Show Only Available Copies
| Location | Call Number / Copy Notes | Barcode | Shelving Location | Status | Due Date |
|---|---|---|---|---|---|
| Terezin Initiative Institute | 3526 | 4594303526 | Knihovna ITI | Available | - |
| LDR | 01382cam a22003374a 4500 | ||
|---|---|---|---|
| 001 | 50207 | ||
| 003 | CZ-PrJAB | ||
| 005 | 20221123113025.0 | ||
| 008 | 020222s2001 gw a b 000 0 ger | ||
| 020 | . | ‡a3-932482-41-7 | |
| 035 | . | ‡a(GyWOH)har005132763 | |
| 040 | . | ‡aDLC ‡cDLC ‡dDLC | |
| 100 | 1 | . | ‡aMarchetta, Maria, ‡d1963- ‡4aut |
| 245 | 1 | 0. | ‡aErinnerung und Demokratie : ‡bHolocaust-Mahnmale und ihre Erinnerungspolitik: das Beispiel Ravensbrück / ‡cMaria Marchetta |
| 260 | . | ‡aBerlin : ‡bMetropol, ‡cc2001 | |
| 300 | . | ‡a360 p. : ‡bill. ; ‡c24 cm | |
| 490 | 1 | . | ‡aReihe Dokumente, Texte, Materialien ; ‡vBd. 37 |
| 500 | . | ‡aOriginally presented as the author's thesis (doctoral)--Freie Universität, Berlin, 2000. | |
| 504 | . | ‡aIncludes bibliographical references (p. 334-360). | |
| 910 | . | ‡aABE340 ‡b3526 | |
| 995 | . | ‡aska | |
| 901 | . | ‡a50207 ‡bAUTOGEN ‡c50207 ‡tbiblio | |